| 000 | 00000nam##2200000za#4500 |
| 001 | 9.642929 |
| 003 | CaOODSP |
| 005 | 20210624223933 |
| 007 | cr ||||||||||| |
| 008 | 150407|2001||||xxc|||||o f|0| 0 fre|d |
| 040 | |aCaOODSP|bfre |
| 043 | |an-cn--- |
| 086 | 1 |aP4-57/2001F-PDF |
| 110 | 1 |aCanada. |bTravaux publics et services gouvernementaux Canada. |
| 245 | 13|aLa planification d'un édifice à bureaux écologique respectueuse de l'environnement |h[ressource électronique] |
| 250 | |a1re édition |
| 260 | |aOttawa - Ontario : |bTravaux publics et Services gouvernementaux Canada |cc2001. |
| 300 | |a50p.|bill. en couleur |
| 590 | |a14-05-Supp|b2014-02-26 |
| 691 | 07|aMilieu de travail|2gcpds |
| 691 | 07|aTechnologie verte|2gcpds |
| 775 | 08|tThe environmentally responsible green office at a glance |w(CaOODSP)9.698932 |
| 856 | 40|ahttp://publications.gc.ca|qPDF|s560 Ko|uhttps://publications.gc.ca/collections/collection_2014/tpsgc-pwgsc/P4-57-2001-fra.pdf |